[Event "FRA-chT3"]
[Site "France"]
[Date "2012.03.24"]
[Round "4.1"]
[White "Halfaoui, Eddine"]
[Black "Droit, Vincent"]
[Result "1-0"]
[WhiteElo "1866"]
[BlackElo "2039"]
[PlyCount "79"]
[EventDate "2012.01.20"]
[EventType "team-match"]
[EventRounds "9"]
[EventCountry "FRA"]
[SourceTitle "EXT 2014"]
[Source "ChessBase"]
[SourceDate "2013.11.20"]
[SourceVersion "1"]
[SourceVersionDate "2013.11.20"]
[SourceQuality "1"]

1. e4 c5 2. Nf3 a6 3. d4 cxd4 4. Nxd4 Nf6 5. Nc3 e5 6. Nb3 Bb4 7. Bg5 Qc7 8. Qd3 Bxc3+ 9. bxc3 Qc6 10. Bxf6 Qxf6 11. Be2 0-0 12. 0-0 Nc6 13. Qe3 d6 14. Rfd1 Rd8 15. Qb6 Qe7 16. Rd2 Be6 17. Rad1 Rac8 18. c4 g6 19. f3 Qc7 20. Qxc7 Rxc7 21. Nc5 dxc5 22. Rxd8+ Nxd8 23. Rxd8+ Kg7 24. Rb8 Rd7 25. Kf1 Kf6 26. Bd3 Ke7 27. Ke2 h5 28. Ke3 Kd6 29. f4 Kc6 30. Re8 exf4+ 31. Kxf4 Kd6 32. e5+ Kc7 33. Kg5 Rd8 34. Re7+ Rd7 35. Rxe6 fxe6 36. Kf6 Rd4 37. Kxe6 Rg4 38. g3 Kd8 39. Kf7 Rg5 40. Kf6 1-0

[Event "FRA-chT4 0506"]
[Site "France"]
[Date "2006.02.05"]
[Round "5"]
[White "Noizet, Donatien"]
[Black "Droit, Vincent"]
[Result "0-1"]
[WhiteElo "1910"]
[BlackElo "2050"]
[PlyCount "112"]
[EventDate "2005.10.02"]
[EventType "team"]
[EventRounds "9"]
[EventCountry "FRA"]
[SourceTitle "EXT 2007"]
[Source "ChessBase"]
[SourceDate "2006.11.23"]
[SourceVersion "1"]
[SourceVersionDate "2006.11.23"]
[SourceQuality "1"]

1. e4 c5 2. Nf3 Nf6 3. d3 d5 4. exd5 Nxd5 5. c4 Nf6 6. Be3 Nc6 7. d4 cxd4 8. Nxd4 Ng4 9. Be2 Nxe3 10. fxe3 Bd7 11. 0-0 Qb6 12. Nc3 e6 13. Ne4 Be7 14. Nb5 Qxe3+ 15. Kh1 0-0 16. Bd3 Ne5 17. Bc2 Bc6 18. Re1 Qf4 19. Rf1 Qh4 20. Qe2 f5 21. Ned6 Qg4 22. Rf2 Qxe2 23. Rxe2 Nxc4 24. Rxe6 Bxd6 25. Nxd6 Nxd6 26. Rxd6 Rae8 27. Rd2 g6 28. Kg1 Re7 29. Kf2 Rfe8 30. Bb3+ Kg7 31. Bc4 Re4 32. Be2 g5 33. Rc1 Rf4+ 34. Kg1 Kf6 35. b3 a5 36. Rc5 a4 37. bxa4 Re5 38. Rd6+ Re6 39. Rxe6+ Kxe6 40. Bb5 Kd6 41. Rc2 Bd5 42. a5 Rb4 43. a4 h5 44. Rc1 Rb2 45. Bf1 Ra2 46. Rb1 Rxa4 47. a6 bxa6 48. Rb6+ Ke5 49. Rxa6 Rd4 50. Rh6 h4 51. Rb6 g4 52. Rh6 g3 53. Rh8 Rd1 54. hxg3 hxg3 55. Rd8 Rc1 56. Re8+ Kf4 0-1

[Event "FRA-chT4 0506"]
[Site "France"]
[Date "2006.01.15"]
[Round "4"]
[White "Droit, Vincent"]
[Black "Hentzien, Maxime"]
[Result "1/2-1/2"]
[WhiteElo "1994"]
[BlackElo "2040"]
[PlyCount "80"]
[EventDate "2005.10.02"]
[EventType "team"]
[EventRounds "9"]
[EventCountry "FRA"]
[SourceTitle "EXT 2007"]
[Source "ChessBase"]
[SourceDate "2006.11.23"]
[SourceVersion "1"]
[SourceVersionDate "2006.11.23"]
[SourceQuality "1"]

1. c4 b6 2. Nc3 e6 3. e4 Bb7 4. a3 c5 5. Nf3 Nc6 6. d4 cxd4 7. Nxd4 Nxd4 8. Qxd4 Qf6 9. Be3 Bc5 10. Qxf6 Nxf6 11. Bxc5 bxc5 12. f3 d6 13. 0-0-0 Ke7 14. Be2 a5 15. Rd2 Rhd8 16. Bd1 Ba6 17. b3 Nd7 18. Bc2 Ne5 19. f4 Nc6 20. Re1 Rab8 21. e5 dxe5 22. Rxd8 Rxd8 23. fxe5 Nd4 24. Ne4 Rc8 25. Bd1 Bb7 26. Kb2 Bxe4 27. Rxe4 Rd8 28. Kc3 f5 29. exf6+ gxf6 30. Rh4 Rh8 31. b4 axb4+ 32. axb4 Nf5 33. Rh3 cxb4+ 34. Kxb4 h6 35. c5 Rb8+ 36. Kc4 Rc8 37. Rd3 Rd8 38. Bf3 Rxd3 39. Kxd3 Kd7 40. Kc4 Ne7 1/2-1/2

[Event "FRA-chT4"]
[Site "Champagne Ardenne"]
[Date "2005.01.09"]
[Round "4"]
[White "Droit, Vincent"]
[Black "Lhoest, Alain"]
[Result "1-0"]
[WhiteElo "2080"]
[BlackElo "1760"]
[PlyCount "35"]
[EventDate "2005.01.09"]
[EventRounds "7"]
[EventCountry "FRA"]
[SourceTitle "EXT 2007"]
[Source "ChessBase"]
[SourceDate "2006.11.23"]
[SourceVersion "1"]
[SourceVersionDate "2006.11.23"]
[SourceQuality "1"]

1. e4 c5 2. c3 Nf6 3. e5 Nd5 4. d4 e6 5. Nf3 Nc6 6. c4 Nde7 7. d5 exd5 8. cxd5 Nb4 9. Nc3 d6 10. a3 Na6 11. Bb5+ Bd7 12. Bxa6 bxa6 13. exd6 Nxd5 14. Qxd5 Be6 15. Qc6+ Bd7 16. Qe4+ Be6 17. Bg5 Qc8 18. Rd1 1-0

[Event "FRA-chT4 0304"]
[Site "Champagne Ardenne"]
[Date "2004.01.18"]
[Round "4"]
[White "Bardoux, Thierry"]
[Black "Droit, Vincent"]
[Result "1/2-1/2"]
[WhiteElo "2124"]
[BlackElo "2080"]
[PlyCount "82"]
[EventDate "2003.10.??"]
[EventRounds "6"]
[EventCountry "FRA"]
[SourceTitle "EXT 2005"]
[Source "ChessBase"]
[SourceDate "2004.11.15"]
[SourceVersion "1"]
[SourceVersionDate "2004.11.15"]
[SourceQuality "1"]

1. d4 d5 2. Nf3 Nc6 3. Bf4 Bg4 4. e3 e6 5. c4 Nf6 6. Nc3 Bd6 7. Bxd6 Qxd6 8. c5 Qe7 9. Bb5 0-0 10. h3 Bxf3 11. Qxf3 Rad8 12. Qg3 e5 13. 0-0-0 exd4 14. exd4 Rfe8 15. f3 Nh5 16. Qg4 Qe3+ 17. Kb1 Nf4 18. g3 Ng6 19. h4 Qe6 20. Qg5 h6 21. Qh5 Nf8 22. Ba4 Nh7 23. Bc2 Nf6 24. Qf5 Qxf5 25. Bxf5 Re3 26. Rhf1 g6 27. Bc2 Nh5 28. g4 Nf4 29. Ba4 a6 30. Bxc6 bxc6 31. Kc2 Rde8 32. Rf2 Kg7 33. Rdd2 Kf6 34. a3 R8e6 35. Na2 a5 36. Nc1 Re7 37. Nb3 a4 38. Nc1 Ne6 39. Na2 Re8 40. Nb4 Nd8 41. Nd3 R8e6 1/2-1/2

[Event "FRA-chT2 0304"]
[Site "France"]
[Date "2003.12.07"]
[Round "4"]
[White "Vinot, Serge"]
[Black "Droit, Vincent"]
[Result "1-0"]
[WhiteElo "2202"]
[BlackElo "2130"]
[PlyCount "71"]
[EventDate "2003.10.??"]
[EventType "team"]
[EventRounds "11"]
[EventCountry "FRA"]
[SourceTitle "EXT 2005"]
[Source "ChessBase"]
[SourceDate "2004.11.15"]
[SourceVersion "1"]
[SourceVersionDate "2004.11.15"]
[SourceQuality "1"]

1. d4 d5 2. c4 Nc6 3. Nc3 e5 4. cxd5 Nxd4 5. e3 Nf5 6. Nf3 f6 7. e4 Nd6 8. Be2 g6 9. 0-0 Nh6 10. Be3 Bg7 11. Rc1 a6 12. h3 0-0 13. Qc2 Bd7 14. Rfd1 Qe8 15. Nd2 f5 16. f3 Nhf7 17. Nb3 Rc8 18. Nc5 Kh8 19. Qb3 Nd8 20. Nxd7 Qxd7 21. Na4 f4 22. Nc5 Qe7 23. Bf2 g5 24. Rc3 Rf6 25. Rdc1 Rg6 26. Qc2 c6 27. Na4 Nb5 28. Bxb5 axb5 29. Nb6 Rb8 30. a4 b4 31. Bc5 Qc7 32. Rc4 cxd5 33. Nxd5 Qd7 34. Ba7 Ra8 35. Nb6 Rxb6 36. Bxb6 1-0

[Event "FRA-chT4 0001"]
[Site "Champagne Ardenne"]
[Date "2001.03.11"]
[Round "6"]
[White "Droit, Vincent"]
[Black "Ferrand, Christophe"]
[Result "1-0"]
[WhiteElo "2150"]
[BlackElo "1740"]
[PlyCount "65"]
[EventDate "2001.10.??"]
[EventType "team"]
[EventRounds "7"]
[EventCountry "FRA"]
[SourceTitle "EXT 2005"]
[Source "ChessBase"]
[SourceDate "2004.11.15"]
[SourceVersion "1"]
[SourceVersionDate "2004.11.15"]
[SourceQuality "1"]

1. Nc3 Nf6 2. e4 e5 3. f4 d5 4. fxe5 Nxe4 5. d3 Qh4+ 6. g3 Nxc3 7. bxc3 Qe7 8. d4 Bf5 9. Bd3 Qd7 10. Nf3 Bxd3 11. Qxd3 c5 12. 0-0 Be7 13. Bg5 Nc6 14. Rae1 c4 15. Qe3 0-0-0 16. Nh4 Bxg5 17. Qxg5 g6 18. Rf6 Rhe8 19. Ref1 Re7 20. Qf4 b5 21. Nf3 Na5 22. Ng5 Nb7 23. Nxf7 Rde8 24. Nd6+ Nxd6 25. Rxd6 Qb7 26. Qg4+ Kb8 27. Rff6 Rf7 28. Rxf7 Qxf7 29. Rd7 Qg8 30. Qf3 Rd8 31. Rf7 Qh8 32. e6 Qe8 33. Qf4+ 1-0